[Event "IOM Open-Masters 2017"]
[Site "Douglas"]
[Date "2017.09.24"]
[Round "2"]
[White "Allen, Keith"]
[Black "Aravindh, Chithambaram Vr"]
[Result "1/2-1/2"]
[WhiteElo "2231"]
[BlackElo "2573"]
[Annotator "TA"]
[PlyCount "62"]
[EventDate "2017.??.??"]
[EventType "swiss"]
[EventCountry "GBR"]
[SourceTitle "playchess.com"]
[Source "ChessBase"]
[SourceQuality "1"]

{[%evp 20,62,0,8,14,-5,0,-25,0,-68,-68,-89,-69,-55,-61,-101,-144,-141,0,0,0,1,64,55,45,60,68,53,42,0,48,41,48,36,37,44,36,44,177,172,126,0,38,0,89]} 1. d4 Nf6 2. c4 e6 3. Nc3 Bb4 4. Qc2 O-O 5. e4 d6 6. a3 Bxc3+ {E32: Nimzoindisch (4.Dc2)} 7. bxc3 e5 8. Bd3 Nc6 (8... c5 9. Ne2 Nc6 10. d5 Na5 11. Ng3 Nd7 12. Rb1 Re8 13. O-O b6 14. Nf5 {1-0 (61) Topalov,V (2752)-Vallejo Pons,F (2697) Leon 2012}) 9. Ne2 b6 10. O-O Ba6 11. f4 {LiveBook: 16 Partien} Nd7 12. Be3 Na5 13. Qa2 c5 $146 ({Vorgänger:} 13... Qe8 14. Ng3 exd4 15. Bxd4 {½-½ (43) Baraeva,M (2175)-Ambartsumova,K (2314) Satka 2012}) 14. dxe5 ({Günstiger ist} 14. Rad1 $11) 14... dxe5 $15 15. Ng3 exf4 16. Bxf4 Qf6 17. e5 Nxe5 18. Nh5 Qe6 (18... Qh4 $1 $17 19. Bxe5 Qxh5) 19. Rae1 $1 $36 {[%mdl 2048] Weiss drückt.} Nxd3 20. Rxe6 fxe6 (20... Bxc4 $11 21. Qb1 fxe6) 21. Qe2 $14 Bxc4 22. Qg4 {[%csl Gh5][%cal Rg4g7]} g6 {Und weiter mit ...e5 wäre nett.} 23. Rf3 {Schwarz muss nun Ld6 beachten.} Rad8 24. Bc7 Rxf3 (24... Ne5 $5 25. Bxe5 Rd1+ 26. Kf2 Rf1+ 27. Ke3 (27. Kg3 $2 R8xf3+ 28. gxf3 Rg1+ 29. Kf2 Rxg4 $19) 27... Re1+ 28. Kf2 Rf1+ 29. Ke3 (29. Kg3 $2 R8xf3+ 30. gxf3 Rg1+ 31. Kf2 Rxg4 $19) 29... Re1+ 30. Kf2 Rf1+ $11) 25. gxf3 Rf8 26. Bd6 {[%mdl 1024] Droht Dh4 und aus. Weiss hat Kompensation.} Rf7 27. Qg5 {Beabsichtigt Dd8+ und Matt.} Nc6 $1 28. Nf6+ Kg7 {[#]} (28... Kh8 $14) 29. Ne8+ $1 $18 Kg8 {[#]} 30. Nf6+ (30. Bg3 $1 $16) 30... Kg7 $14 31. Ne8+ (31. Nxh7 $14 Rxf3 32. Qh4) 31... Kg8 $1 {Precision: Weiß = 63%, Schwarz = 58%.} 1/2-1/2

[Event "IOM Open-Masters 2017"]
[Site "Douglas"]
[Date "2017.09.24"]
[Round "2"]
[White "Player, Edmund C"]
[Black "Neelotpal, Das"]
[Result "0-1"]
[WhiteElo "2202"]
[BlackElo "2448"]
[Annotator "TA"]
[PlyCount "68"]
[EventDate "2017.??.??"]
[EventType "swiss"]
[EventCountry "GBR"]
[SourceTitle "playchess.com"]
[Source "ChessBase"]
[SourceQuality "1"]

{[%evp 14,68,51,51,71,52,57,44,48,45,55,43,52,33,38,27,26,25,36,8,21,0,9,0,8,-79,-80,-258,-259,-249,-247,-304,-296,-430,-374,-554,-368,-345,-253,-257,-237,-735,-530,-514,-510,-565,-417,-415,-401,-399,-376,-497,-489,-729,-729,-936,-634]} 1. e4 g6 2. d4 Bg7 3. Nc3 a6 4. Be3 b5 5. Qd2 Bb7 6. f3 {B06: Modern Defence} d6 7. h4 h6 8. a4 {LiveBook: 4 Games. White is slightly better.} b4 $146 ({Predecessor:} 8... c6 9. Bd3 Nd7 10. Nce2 Ngf6 11. Nh3 e5 12. axb5 axb5 13. O-O d5 14. Rxa8 Bxa8 15. exd5 Nxd5 {½-½ (26) Santos Ruiz,M (2484)-Iturrizaga Bonelli,E (2652) Caleta 2017}) 9. Nd1 a5 10. c3 bxc3 11. bxc3 Nd7 12. Bd3 Ngf6 13. Ne2 Qc8 14. Nb2 h5 15. O-O Ba6 16. Rfb1 Bxd3 17. Qxd3 O-O 18. Nc1 c5 19. Nb3 {[#]} (19. Ne2 $11 {keeps the balance.}) 19... d5 $1 $17 20. Nxc5 $2 (20. exd5 $17 Nxd5 21. Bd2) 20... Nxc5 $19 21. dxc5 dxe4 22. fxe4 Ng4 23. Bd4 (23. e5 $142 Bxe5 24. Nd1) 23... Rd8 24. Qf3 (24. Nc4 $142 Qxc5 25. e5) 24... Bxd4+ 25. cxd4 {intending Qc3.} Rxd4 26. Rf1 Qb8 $40 {[%csl Gg4][%cal Rb8h2][%mdl 128] [#] Black goes for the king.} ({Don't take} 26... Ne5 27. Qc3 $19) 27. Qxf7+ $2 (27. Qf4 {keeps fighting.}) 27... Kh8 {[%csl Gg4][%cal Rb8h2]} 28. Qf4 Qxb2 29. Rab1 Qd2 30. Qxd2 Rxd2 31. c6 {Hoping for c7.} Rc2 32. Rb6 Rc8 {Black is clearly winning.} 33. c7 (33. Rb7 $142) 33... Kg7 34. Ra6 Rc5 {Precision: White = 17%, Black = 75%.} 0-1

[Event "IOM Open-Masters 2017"]
[Site "Douglas"]
[Date "2017.09.24"]
[Round "2"]
[White "Oyama, Akito"]
[Black "Shvayger, Yuliya"]
[Result "1/2-1/2"]
[WhiteElo "2198"]
[BlackElo "2442"]
[Annotator "TA"]
[PlyCount "111"]
[EventDate "2017.??.??"]
[EventType "swiss"]
[EventCountry "GBR"]
[SourceTitle "playchess.com"]
[Source "ChessBase"]
[SourceQuality "1"]

{[%evp 18,111,27,14,50,48,47,46,54,54,55,55,61,61,68,62,60,46,69,58,58,60,66,51,133,141,239,234,241,239,318,348,452,230,241,94,162,161,150,151,254,249,299,303,223,157,234,218,218,195,185,166,198,156,152,149,152,161,180,186,169,164,170,139,158,166,163,171,204,209,195,152,156,173,185,176,181,177,165,184,179,173,167,173,185,70,187,179,187,26,151,0,161,0,153,0]} 1. e4 c5 2. Nc3 Nc6 3. Bb5 Nd4 4. Bc4 e6 5. Nge2 Ne7 6. Nxd4 cxd4 7. Ne2 Nc6 {B30: Sicilian: 2...Nc6 3 Bb5, lines without ...g6} (7... Qc7 8. Bb3 f5 9. d3 fxe4 10. dxe4 Nc6 11. O-O Bc5 12. Nf4 O-O 13. Nd3 Be7 14. Bd2 Na5 15. Bxa5 Qxa5 {1-0 (24) Najer,E (2626)-Savchenko,B (2602) Moscow 2013}) 8. O-O Bc5 9. d3 O-O 10. a3 {LiveBook: 10 Games} d5 11. exd5 exd5 12. Ba2 Bg4 13. h3 $146 ({Predecessor:} 13. f3 Be6 14. Ng3 a5 15. f4 {0-1 (56) Hebbinghaus,H (2218)-Bach,M (2280) Hamburg 2003}) 13... Be6 14. Nf4 Qd6 15. Qf3 Rad8 16. Re1 Bb6 17. Nh5 {Black must now prevent Bh6!} Ne5 18. Qg3 {[%csl Gh5][%cal Rg3g7]} Ng6 19. Bf4 Qc6 20. Re2 $40 {[%mdl 128] Black needs to defend precisely.} Rd7 ({Black should play} 20... Kh8 $14) 21. Rae1 $1 $16 Bc7 (21... Kh8 $16 22. Bb3 Ba5) 22. Bxc7 $1 $18 Qxc7 23. f4 $1 Qb6 24. Bb3 Rd6 {[#]} 25. Qf2 (25. Re5 $142 $1 {[%mdl 512]}) 25... Ne7 26. Ng3 (26. g4 $1 $18 {and the rest is easy.}) 26... f5 (26... g6 $16 {was necessary.}) 27. Nf1 {[%cal Bg3f1,Bf1d2,Bd2f3,Bf3g5][%mdl 32]} Rf6 28. Nd2 Qc5 (28... Nc6 $16 29. Rxe6 Rfxe6) 29. Nf3 Nc6 30. Ng5 Nd8 31. Qf3 ({Resist} 31. Qh4 $6 h6 $16) 31... Bd7 (31... h6 $16) 32. Re5 {[%cal Rb3d5]} Bc6 33. Qf2 h6 34. Nf3 Ne6 35. g3 a5 36. R1e2 a4 37. Ba2 Bd7 38. Qe1 b6 39. Qb4 Bc6 40. Kf2 Kf8 41. h4 Qxb4 42. axb4 h5 43. Ng5 Ke7 44. Nxe6 Rdxe6 45. Bxd5 Bxd5 46. Rxd5 Rxe2+ 47. Kxe2 {[%mdl 4096] Endgame KR-KR} Rc6 48. Kd2 Rg6 49. Rxd4 Rxg3 50. c4 Rg2+ 51. Kc1 (51. Kc3 $18) 51... Rg1+ {[#]} (51... Rg4 $14) 52. Kc2 $1 Rg2+ 53. Kb1 $2 (53. Kc3 $18) 53... Rg1+ (53... Rg4 $11) 54. Kc2 Rg2+ $1 55. Kb1 Rg1+ {[#]} 56. Kc2 $2 {Precision: White = 61%, Black = 60%.} (56. Ka2 $1 $16) 1/2-1/2

[Event "IOM Open-Masters 2017"]
[Site "Douglas"]
[Date "2017.09.24"]
[Round "2"]
[White "Heimisson, Hilmir Freyr"]
[Black "Mekhitarian, Krikor Sevag"]
[Result "0-1"]
[WhiteElo "2185"]
[BlackElo "2534"]
[Annotator "TA"]
[PlyCount "94"]
[EventDate "2017.??.??"]
[EventType "swiss"]
[EventCountry "GBR"]
[SourceTitle "playchess.com"]
[Source "ChessBase"]
[SourceQuality "1"]

{[%evp 21,94,-18,-2,-25,-19,-44,-31,-44,-43,-45,-40,-40,-39,-43,-41,-32,-44,-53,-19,-20,-17,-18,-11,-12,-18,-11,-18,-7,0,5,17,0,0,-60,54,52,68,25,40,32,40,23,41,21,31,39,91,0,0,-529,-522,-494,-496,-568,-491,-893,-886,-868,-795,-982,-967,-1000,-947,-1075,-886,-1069,-997,-2116,-2045,-1651,-1821,-5222,-5222,-29977,-5118]} 1. d4 Nf6 2. Nf3 d5 3. c4 e6 4. g3 Bb4+ 5. Bd2 Be7 6. Bg2 O-O 7. O-O Nbd7 8. cxd5 exd5 9. Nc3 c6 10. Qc2 Re8 11. a3 a5 {LiveBook: 5 Games} 12. Rfc1 {E11: Bogo-Indian} (12. Bf4 Nf8 13. Rfe1 Bg4 14. Qb3 Ne6 15. e3 Nxf4 16. gxf4 Bxf3 17. Bxf3 Qd7 18. Qd1 Rad8 19. Kh1 Bf8 {1-0 (57) Halkias,S (2580)-Markus,R (2586) Zlatibor 2007}) 12... Nb6 $146 ({Predecessor:} 12... g6 13. Ne1 Nb6 14. Nd3 Bf5 15. Bf4 Nh5 16. Bd2 Bf6 17. e3 Ng7 18. Bf1 Ne6 19. Na4 Bxd4 20. exd4 Nxd4 {0-1 (40) Toivola,J (2224)-Myller,J (2124) Finland 2012}) 13. b3 g6 14. Bf4 {Black is slightly better.} Bf5 15. Qb2 Bf8 16. h3 Ne4 17. g4 Nxc3 18. Qxc3 Be4 19. Bf1 Bg7 20. Nd2 g5 21. Bg3 Bg6 22. e3 f5 23. gxf5 Bxf5 24. b4 a4 25. b5 Re6 $1 26. Nf3 {[%cal Rb5c6]} Nd7 27. Qb2 {[#]} (27. bxc6 $11 bxc6 28. h4) 27... g4 (27... c5 $1 $15 {[%mdl 512]}) 28. Nh4 Be4 $1 29. hxg4 {Threatens to win with bxc6.} Rh6 30. f3 {[%cal Bf2f3,Bf3e4][%mdl 32]} Rxh4 31. Bxh4 Qxh4 32. fxe4 {Black must now prevent Qf2.} Qg3+ 33. Kh1 Qxe3 {[#]} (33... Nf6 $1 $14 34. Qg2 (34. bxc6 Nxg4 35. Qg2 Nf2+ 36. Kg1 Nh3+ 37. Kh1 Nf2+ 38. Kg1 Nh3+ 39. Kh1 Nf2+ $11) 34... Qxe3 35. bxc6 bxc6) 34. bxc6 ({White should try} 34. Re1 $1 $16 {[%cal Re1e3]} Qh6+ 35. Qh2 Qxh2+ 36. Kxh2) 34... Bxd4 $11 35. Qxd4 $4 {[%mdl 8192]} (35. Qh2 $11 {and White has nothing to worry.} Bxa1 36. cxb7) 35... Qxd4 $19 36. cxd7 {Hoping for Rc8+.} Qxe4+ 37. Bg2 Qe6 38. Rc8+ (38. Rd1 $142 Qxd7 39. Bxd5+ Kh8 40. Bf3) 38... Rxc8 39. dxc8=Q+ Qxc8 40. Bxd5+ {[%mdl 4096] Endgame KQ-KRB} Kg7 41. Rb1 b6 42. Be4 Qe6 43. Bf5 Qd5+ 44. Kh2 Qa2+ 45. Kg3 Qxa3+ 46. Kh4 Qd6 {( -> ...Qh2+)} 47. g5 a3 {Precision: White = 38%, Black = 67%.} (47... Qf4+ $142 48. Bg4 Qh2+ 49. Bh3 Qf2+ 50. Kg4 Qd4+ 51. Kf5 Qd3+ 52. Ke5 Qxb1 53. Bd7 Qb2+ 54. Ke4 Qb4+ 55. Kf3 Qb3+ 56. Kf4 a3 57. g6 Qb4+ 58. Ke3 Qe7+ 59. Kf4 Qxd7 60. Ke3 Kxg6 61. Kf3 a2 62. Kg2 a1=Q 63. Kg3 Qg1+ 64. Kh4 Qh2#) 0-1

[Event "IOM Open-Masters 2017"]
[Site "Douglas"]
[Date "2017.09.24"]
[Round "2"]
[White "Birkisson, Bardur Orn"]
[Black "Trent, Lawrence"]
[Result "0-1"]
[WhiteElo "2164"]
[BlackElo "2427"]
[Annotator "TA"]
[PlyCount "130"]
[EventDate "2017.??.??"]
[EventType "swiss"]
[EventCountry "GBR"]
[SourceTitle "playchess.com"]
[Source "ChessBase"]
[SourceQuality "1"]

{[%evp 9,130,11,11,1,5,5,3,4,18,14,27,22,21,12,14,0,0,-28,29,-36,0,-10,6,0,5,0,51,22,50,42,64,62,98,91,107,81,112,70,71,71,71,71,71,71,55,56,59,52,52,0,54,46,58,3,14,4,4,-7,4,4,19,6,8,9,13,0,0,0,0,0,0,6,9,-40,24,0,9,-29,-32,-62,-62,-62,-63,-229,-265,-265,-247,-271,-262,-266,-266,-256,0,-3,-6,-6,0,0,0,0,0,0,0,0,0,0,0,0,0,-136,-144,-1450,-1343,-29977,-29978,-29962,-1113,-29976,-29978,-29978,-29979,-5369,-602]} 1. Nf3 Nf6 2. g3 g6 3. b4 {[%cal Bb2b4,Bb4b5][%mdl 32]} Bg7 4. Bb2 Na6 $146 ({Predecessor:} 4... O-O 5. Bg2 d5 6. O-O c6 7. d3 a5 8. a3 axb4 9. axb4 Rxa1 10. Bxa1 Na6 11. c3 Re8 12. Nbd2 e5 13. e4 Nc7 14. Qc2 b5 15. Re1 Nd7 16. Nb3 Nb6 17. Na5 Qd6 18. Bb2 h6 19. Bc1 {0-1 (50) Topalov,V (2798)-Caruana,F (2805) Stavanger 2015}) 5. a3 c5 6. b5 {A05: Réti Opening: 1 Nf3 Nf6} Nc7 7. a4 O-O 8. Bg2 {The position is equal.} d5 9. O-O Bf5 10. d3 Qc8 11. Re1 Rd8 12. Qc1 Bh3 13. Bh1 Qf5 (13... Ne6 $142) 14. Qf4 (14. Nbd2 $11) 14... Qc8 15. e4 Nh5 16. Qc1 d4 17. Na3 Ne6 (17... e5 $11) 18. Nc4 Nf6 19. Qb1 Ng4 20. Bc1 h6 21. Bd2 Kh7 22. Qb3 f6 23. Bg2 Bxg2 24. Kxg2 Ne5 25. Nfxe5 fxe5 26. f3 g5 27. Rf1 Bf6 28. Na5 {Strongly threatening Nxb7!} Rb8 29. Nc4 (29. Rf2 $14) 29... Rg8 (29... Ra8 $11) 30. h3 h5 31. g4 (31. Rg1 $14) 31... Rg7 32. a5 Qd7 33. Rab1 Rbg8 34. Rh1 Nf8 35. Be1 ({Don't go for} 35. gxh5 $2 g4 $1 $19 {[%mdl 512]}) 35... Ng6 36. Bg3 Rf8 37. Rbf1 Rgf7 38. Rf2 Bg7 39. Qb1 Nh4+ (39... h4 $5 40. Bh2 $8 Qd8 $11) 40. Bxh4 $1 gxh4 41. Rhf1 Rf4 (41... Qe6 $15) 42. b6 a6 43. Qa1 Qe6 44. Qe1 ({Don't play} 44. gxh5 Bh6 $17) 44... Bh6 {[%cal Rh5g4]} 45. Qe2 R4f7 46. Rb1 $2 (46. Rh1 $15) 46... hxg4 $19 47. hxg4 {[#]} Rxf3 $1 {[%mdl 512]} 48. Qxf3 Rxf3 49. Kxf3 {[#]} Bf4 $1 50. Rg1 Kg6 $2 ({Black should play} 50... Kh8 $19 51. Re2 Kg7) 51. Kg2 $1 $11 Be3 52. Rf5 $1 Bxg1 53. Kxg1 {[%mdl 4096] Endgame KQ-KRN} Kg7 {Threatens to win with ...Qg6.} 54. Rg5+ Kf8 {White must now prevent ...Qh6.} 55. Kg2 Qh6 56. Rf5+ $1 Kg8 {Hoping for ...Qc1.} 57. Kh3 Qc1 {[%cal Rc1h1]} 58. Kxh4 Qxc2 {...Qh2+ is the strong threat.} 59. Rf3 (59. Rg5+ $11 Kf7 60. Rf5+ Kg7 61. Rg5+ Kf7 62. Rf5+ Kg8 63. Rg5+ Kh7 64. Rh5+ Kg8 65. Rg5+) 59... Qh2+ $17 60. Kg5 $2 {[%mdl 8192]} (60. Rh3 $17 Qf4 61. Kh5) 60... Qh8 $19 61. Nxe5 Qxe5+ 62. Rf5 Qd6 (62... Qg3 $142 63. Rxc5 Qxd3 64. Re5 Qd2+ 65. Kf5 Qf2+ 66. Ke6 Qf6+ 67. Kd7 Qxe5 68. Kd8 d3 69. Kd7 d2 70. Kc8 d1=Q 71. g5 Qdd6 72. Kxb7 Qb8+ 73. Kxa6 Qa8#) 63. Rd5 Qf6+ 64. Kh5 Kh7 {[%csl Gh7][%cal Rf6h6]} 65. g5 Qf3+ {Precision: White = 31%, Black = 49%.} 0-1

[Event "IOM Open-Masters 2017"]
[Site "Douglas"]
[Date "2017.09.24"]
[Round "2"]
[White "Babar, Michael"]
[Black "Harika, Dronavalli"]
[Result "0-1"]
[WhiteElo "2130"]
[BlackElo "2528"]
[Annotator "TA"]
[PlyCount "92"]
[EventDate "2017.??.??"]
[EventType "swiss"]
[EventCountry "GBR"]
[SourceTitle "playchess.com"]
[Source "ChessBase"]
[SourceQuality "1"]

{[%evp 22,92,0,0,0,0,21,11,27,26,51,27,60,39,83,48,41,48,75,22,41,31,32,0,0,-18,-16,-84,-68,-81,-52,-116,-78,-101,-17,-45,0,-73,-63,-70,-64,-317,-288,-377,-353,-375,-333,-359,-330,-341,-294,-297,-289,-296,-285,-287,-289,-279,-285,-283,-280,-410,-396,-612,-605,-944,-910,-2813,-802,-761,-685,-6179,-6168]} 1. g3 g6 2. Bg2 Bg7 3. Nf3 d6 4. d4 Nf6 5. O-O O-O 6. c4 Nbd7 7. Nc3 e5 8. e3 c6 9. Qc2 Re8 10. dxe5 dxe5 11. e4 {E67: King's Indian: Fianchetto: 6...Nbd7} Qc7 $146 ({Predecessor:} 11... Qe7 12. Be3 h6 13. h3 Nc5 14. Rfd1 a5 15. b3 Nfd7 16. Rd2 Nf8 17. Rad1 Nfe6 {½-½ (17) Weber,M (2255)-Bueder,T (2250) Germany 1996}) 12. h3 {LiveBook: 3 Games} Nf8 13. Be3 {The position is equal.} h6 14. Rfd1 Be6 15. b3 N6d7 16. Rac1 Qc8 17. Kh2 g5 18. Na4 Ng6 19. c5 g4 20. hxg4 (20. Nd2 $16) 20... Nf6 $1 $11 21. Kg1 Nxg4 22. Bd2 f5 $1 23. Nh2 (23. Re1 {with more complications.} Rf8 24. exf5 Bxf5 25. Qc4+ Be6 26. Qe4) 23... f4 24. Nxg4 (24. Nb2 $11) 24... Bxg4 $17 25. f3 Be6 26. Be1 (26. g4 $15) 26... h5 27. Nb2 Bf8 (27... fxg3 $17 {And now ...h4 would win.} 28. Bxg3 h4) 28. Qf2 Rd8 29. Nc4 (29. gxf4 $11 Nxf4 30. Bd2) 29... Bxc4 30. bxc4 Qe6 31. Kh2 $2 {[%mdl 8192]} (31. Kh1 $15) 31... fxg3+ $19 32. Qxg3 {[#]} Bh6 $1 {[%cal Rh6f4]} 33. Bh3 Qf6 34. Kh1 Bf4 35. Qg2 Bxc1 36. Rxc1 {[#] Threatens to win with Bh4!} Kh8 37. Bf5 Nh4 38. Qh3 Nxf5 39. exf5 Rd7 40. Bh4 Qh6 41. f4 (41. Re1 $142) 41... exf4 42. Qc3+ (42. Re1 $142 Rf7 43. Re4) 42... Kh7 {Black is clearly winning.} 43. Qc2 Rg8 44. Be7 f3 (44... Rg3 $142 45. Bh4 Rh3+ 46. Kg1 Rg7+ 47. Kf1 Rh1+ 48. Kf2 Rh2+ 49. Kf3 Rxc2 50. Rxc2 Rg4) 45. f6+ Qg6 {( -> ...Rd1+!)} 46. f7 Qxc2 {Precision: White = 32%, Black = 54%.} 0-1

[Event "IOM Open-Masters 2017"]
[Site "Douglas"]
[Date "2017.09.24"]
[Round "2"]
[White "Bianco, Valerio"]
[Black "Rakesh, Kumar Jena"]
[Result "1/2-1/2"]
[WhiteElo "2086"]
[BlackElo "2418"]
[Annotator "TA"]
[PlyCount "127"]
[EventDate "2017.??.??"]
[EventType "swiss"]
[EventCountry "GBR"]
[SourceTitle "playchess.com"]
[Source "ChessBase"]
[SourceQuality "1"]

{[%evp 22,127,25,0,41,16,73,70,90,44,46,46,49,41,33,35,34,47,106,27,28,17,11,24,45,26,27,27,29,21,21,23,48,35,39,46,53,0,0,6,8,7,7,0,16,18,21,0,4,0,0,0,0,0,47,0,0,0,0,0,0,0,0,-11,0,-9,0,0,0,0,0,0,0,0,0,0,0,0,0,0,0,0,0,0,0,-8,-8,-10,-8,-8,-3,-3,-3,-10,-10,-10,-10,-10,-10,-10,-10,-10,-10,-10,-10,-10,-10,-10]} 1. e4 c5 2. Nf3 d6 3. Bb5+ Bd7 4. Bxd7+ Qxd7 5. c4 Nf6 6. Nc3 g6 7. d4 cxd4 8. Nxd4 Bg7 9. f3 O-O 10. O-O Nc6 11. Nde2 a6 {B52: Sicilian: Moscow Variation with 3...Bd7} 12. Bg5 {LiveBook: 6 Games} (12. a4 e6 13. Bg5 h6 14. Bh4 Rfd8 15. Rb1 Qc7 16. Kh1 Rd7 17. Rc1 Re8 18. Nd5 exd5 19. cxd5 Qb6 20. Bf2 Qxb2 21. dxc6 bxc6 22. Rxc6 {½-½ (70) Caruana,F (2773)-Anand,V (2780) Sao Paulo/Bilbao 2012}) 12... Rad8 13. Qd2 $146 ({Predecessor:} 13. a4 e6 14. Rb1 Qc7 15. Kh1 Rd7 16. Qd2 Rfd8 17. Qf4 Nh5 18. Bxd8 Qxd8 19. Qe3 Ne5 {1-0 (42) Qin,K (2489)-Yu,T (2177) Suzhou 2001}) 13... Qe6 (13... b5 $11) 14. b3 $16 Qe5 15. Rac1 Qa5 16. Rfd1 Nd7 17. Nd5 Qxd2 18. Rxd2 f6 19. Be3 Rc8 {[#]} (19... Kf7 $14) 20. Nd4 (20. c5 $1 $16) 20... Kf7 $11 21. Rdd1 Nxd4 22. Bxd4 e6 23. Nb6 Nxb6 24. Bxb6 Rc6 25. Be3 Rfc8 26. a4 Ke8 27. a5 Bf8 28. Kf1 Be7 29. Bb6 Bd8 30. Bxd8 Rxd8 {[%mdl 4096] Endgame KRR-KRR} 31. Ke2 Ke7 32. Rc3 Rc5 33. b4 Rc6 34. Rdc1 f5 35. Ke3 Rf8 36. f4 fxe4 37. Kxe4 Rf5 38. g3 (38. g4 $5 {[%cal Rg4f5]} d5+ 39. Kf3 $11) 38... g5 {The position is equal.} 39. fxg5 Rxg5 40. Kf4 Rf5+ 41. Ke3 Rc8 42. g4 Re5+ 43. Kf3 Rf8+ 44. Kg3 Re4 45. Rf3 Rxf3+ 46. Kxf3 {KR-KR} Rd4 47. b5 Rd3+ 48. Ke4 Ra3 49. bxa6 bxa6 50. Rb1 Ra4 51. Kd3 h5 52. gxh5 Rxa5 53. Rb7+ Kf6 54. Rb6 Ke5 55. h4 Ra2 56. Kc3 Ra3+ 57. Kb4 Rh3 58. Rxa6 Rxh4 59. Kc3 Rxh5 60. Ra5+ d5 61. cxd5 exd5 62. Kd2 Ke4 63. Ra4+ d4 64. Ra3 {Precision: White = 55%, Black = 65%.} 1/2-1/2

[Event "IOM Open-Masters 2017"]
[Site "Douglas"]
[Date "2017.09.24"]
[Round "2"]
[White "Byron, Alan M"]
[Black "Cornette, Deimante"]
[Result "0-1"]
[WhiteElo "2074"]
[BlackElo "2404"]
[Annotator "ChessBase"]
[PlyCount "68"]
[EventDate "2017.??.??"]
[EventType "swiss"]
[EventCountry "GBR"]
[SourceTitle "playchess.com"]
[Source "ChessBase"]
[SourceQuality "1"]
[TimeControl "40/6000+30:20/3000+30:900+30"]

1. e4 e5 2. Nf3 Nc6 3. Bb5 a6 4. Ba4 Nge7 5. c3 g6 6. d4 exd4 7. cxd4 b5 8. Bb3 Bg7 9. d5 Na5 10. Bd2 Nxb3 11. Qxb3 c5 12. Bc3 f6 13. d6 Nc6 14. Qd5 b4 15. Bd2 Bb7 16. Qxc5 f5 17. Bg5 Qa5 18. Qe3 Bxb2 19. exf5+ Ne5 20. Bf6 Bxf3 21. Bxh8 Bxg2 22. Nd2 b3 23. Rd1 Bxh1 24. Kf1 Qd5 25. Qg5 Qg2+ 26. Qxg2 Bxg2+ 27. Kxg2 bxa2 28. Nb3 Kf7 29. fxg6+ hxg6 30. Bxe5 Bxe5 31. f4 Bf6 32. Na1 Rb8 33. Rd2 Bxa1 34. Rxa2 Rb2+ 0-1

[Event "IOM Open-Masters 2017"]
[Site "Douglas"]
[Date "2017.09.24"]
[Round "2"]
[White "Prueske, Wolfgang"]
[Black "Kavutskiy, Konstantin"]
[Result "0-1"]
[WhiteElo "2046"]
[BlackElo "2390"]
[Annotator "ChessBase"]
[PlyCount "130"]
[EventDate "2017.??.??"]
[EventType "swiss"]
[EventCountry "GBR"]
[SourceTitle "playchess.com"]
[Source "ChessBase"]
[SourceQuality "1"]
[TimeControl "40/6000+30:20/3000+30:900+30"]

1. e4 c5 2. Nf3 e6 3. g3 Nc6 4. Bg2 Nf6 5. Qe2 e5 6. O-O Be7 7. c3 O-O 8. d3 Re8 9. Na3 h6 10. Nc2 Bf8 11. Ne3 d5 12. exd5 Nxd5 13. Nxd5 Qxd5 14. Nd2 Qd8 15. Nc4 Bf5 16. Be4 Qd7 17. Ne3 Bh3 18. Rd1 f5 19. Bf3 Rad8 20. b3 g6 21. Bb2 b5 22. Qc2 Bg7 23. a4 b4 24. cxb4 Nd4 25. Bxd4 cxd4 26. Nc4 e4 27. Bg2 Bxg2 28. Kxg2 Qb7 29. Kg1 Qxb4 30. Rab1 Qc3 31. Qe2 exd3 32. Qf3 d2 33. Nxd2 d3 34. Rbc1 Qb2 35. Rb1 Qe5 36. Nc4 Qe4 37. Qxe4 fxe4 38. Ne3 Bd4 39. b4 Bxe3 40. fxe3 Rc8 41. b5 Rc4 42. a5 Rb8 43. Rb2 Ra4 44. b6 Rxa5 45. b7 Rc5 46. Kf1 a5 47. Ke1 Kf7 48. Kd2 Ke6 49. Ra1 Rc7 50. Ra4 Rcxb7 51. Rxe4+ Kd5 52. Rd4+ Kc5 53. Rxb7 Rxb7 54. Kxd3 Rb3+ 55. Ke4 Rb4 56. Ke5 a4 57. Rd8 Kc4 58. Ra8 Kb3 59. e4 a3 60. Kd5 a2 61. Rxa2 Kxa2 62. e5 Rb2 63. e6 Rxh2 64. e7 Re2 65. Kd6 h5 0-1

[Event "IOM Open-Masters 2017"]
[Site "Douglas"]
[Date "2017.09.24"]
[Round "2"]
[White "Mai, Aron Thor"]
[Black "Hemant, Sharma (del)"]
[Result "1/2-1/2"]
[WhiteElo "2038"]
[BlackElo "2342"]
[Annotator "ChessBase"]
[PlyCount "100"]
[EventDate "2017.??.??"]
[EventType "swiss"]
[EventCountry "GBR"]
[SourceTitle "playchess.com"]
[Source "ChessBase"]
[SourceQuality "1"]
[TimeControl "40/6000+30:20/3000+30:900+30"]

1. e4 c5 2. d3 Nc6 3. Be2 g6 4. f4 Bg7 5. Nf3 d6 6. O-O e6 7. Qe1 Nge7 8. Kh1 O-O 9. Qh4 f5 10. Ng5 h6 11. Nh3 b5 12. Nd2 Bb7 13. c3 Rf7 14. Nf3 Qd7 15. Qg3 b4 16. Bd2 Ba6 17. e5 bxc3 18. Bxc3 dxe5 19. Nxe5 Nxe5 20. Bxe5 Nc6 21. Qxg6 Nxe5 22. fxe5 Rb8 23. Nf4 Rxb2 24. Bf3 Rb6 25. Rab1 Bxd3 26. Rxb6 axb6 27. Rd1 c4 28. Nd5 f4 29. Rxd3 cxd3 30. Nf6+ Rxf6 31. exf6 d2 32. Qxg7+ Qxg7 33. fxg7 e5 34. Kg1 e4 35. Bd1 Kxg7 36. Kf2 Kf6 37. Ke2 e3 38. Kf3 Ke5 39. g4 fxg3 40. hxg3 Kd4 41. Ke2 Ke4 42. Bc2+ Kd4 43. Bb3 Ke4 44. Ba4 Kd4 45. Bc6 Kc3 46. Ba4 Kd4 47. Bc2 Kc3 48. Bb3 Kd4 49. Bd1 Ke4 50. Ba4 Kd4 1/2-1/2

[Event "IOM Open-Masters 2017"]
[Site "Douglas"]
[Date "2017.09.24"]
[Round "2"]
[White "Zahn, Alina"]
[Black "Ragnarsson, Dagur"]
[Result "1/2-1/2"]
[WhiteElo "2025"]
[BlackElo "2340"]
[Annotator "ChessBase"]
[PlyCount "80"]
[EventDate "2017.??.??"]
[EventType "swiss"]
[EventCountry "GBR"]
[SourceTitle "playchess.com"]
[Source "ChessBase"]
[SourceQuality "1"]
[TimeControl "40/6000+30:20/3000+30:900+30"]

1. e4 e6 2. d4 d5 3. Bd3 dxe4 4. Bxe4 Nf6 5. Bf3 c5 6. Ne2 Qb6 7. O-O Bd7 8. Nbc3 cxd4 9. Nxd4 Bc5 10. Nb3 Bd6 11. g3 O-O 12. Be3 Qc7 13. Qd3 a6 14. Rfd1 Be7 15. Bf4 e5 16. Bg5 Bc6 17. Bxf6 Bxf6 18. Nd5 Bxd5 19. Qxd5 Nc6 20. Qe4 Rfd8 21. Rxd8+ Rxd8 22. Rd1 Be7 23. Rxd8+ Nxd8 24. c3 g6 25. Nd2 b5 26. Qd5 Kg7 27. Be2 f5 28. a4 bxa4 29. Bxa6 a3 30. bxa3 Qxc3 31. Nc4 Nf7 32. Bb5 e4 33. a4 Bf6 34. Nd6 Ng5 35. Ne8+ Kh6 36. Nxf6 Qxf6 37. Qd2 Kg7 38. Qd7+ Kh6 39. Qd2 Kg7 40. Qd7+ Kh6 1/2-1/2